01520cam a22003375a 4500999001700000001001000017003000900027005001700036008004100053020002500094040004500119082002200164100004600186245007100232250002000303250002300323264006500346300004400411336002600455337002800481338002700509504005100536520031300587650003600900650003500936651001000971653002100981655001701002942001201019952015101031 c21318d21290013833557EG-ScBUE20200206114322.0070903r20102008enka f b f001 0 eng d a9780521703932 (pbk.) aStDuBDSbengerdacStDuBDSdUkdEG-ScBUE04a808.0665bGUS2221 aGustavii, Björn,d1932-eauthor.93948110aHow to write and illustrate scientific papers /cBjörn Gustavii. aSecond edition. aReprinted edition. 1aCambridge ;aNew Delhi :bCambridge University Press,c2010. aix, 168 pages :billustrations ;c24 cm 2rdacontentatextbtxt 2rdamediaaunmediatedbn 2rdacarrieravolumebnc aIncludes bibliographical references and index. aThis second edition has been broadened to include comprehensive advice on writing compilation theses for doctoral degrees, preparing case reports, advice on when to get a professional artist to redraw figures, what to include in figure legends and how to present them, and how to present statistical results. 7aTechnical writing.2BUEsh95292 7aMedical writing.2BUEsh933956 2BUEsh bPPhrmcMarch2016 vReading book 2ddccBB 00102ddc40708BaccahaMAINbMAINc2NDd2016-03-06ePurchaseg115.00h2l0o808.0665 GUSp000031875r2025-07-15 00:00:00v145.00w2016-03-06yBB